Parole che iniziano con la "O" - Statistics

Statistiche generali
  • Questo quiz è stato fatto 277 volte
  • Il punteggio medio è 11 su 15
Statistiche sulle risposte
INDIZIO RISPOSTA % Corretto
Lo è quello extra vergine Olio
100%
Li mettono le persone che ci vedono poco Occhiali
99%
Il giorno prima di domani Oggi
99%
Lo usi per ascoltare le persone Orecchio
99%
Lo sono il cuore, il polmone e il rene Organi
99%
Sinonimo di decorare Ornare
87%
Pasta tipica pugliese Orecchiette
86%
Concentrazione del potere nella mano di pochi Oligarchia
80%
Molecole prodotte dalle ghiandole endocrine, comuni durante la pubertà Ormoni
76%
Animale blu con il cappello nel famoso cartone animato "Phineas e Ferb" Ornitorinco
72%
Professionista che si occupa dei problemi strutturali e meccanici di tipo muscolo-scheletrico Osteopata
68%
Taglio di carne bovina ottenuto dallo stinco dell'animale Ossobuco
54%
Metodo di separazione di un soluto e un solvente Osmosi
45%
Lo è il O3 Ozono
43%
Farmaco usato nei casi di dolore cronico ed episodico Ossicodone
10%
Nessun quiz corrispondente trovato
Distribuzione punteggi
Percentuale di utenti per punteggio
Percentile per numero di risposta
I tuoi punteggi nel tempo
Non hai fatto questo quiz